Advances in Lorentzian geometry : proceedings of the Lorentzian geometry conference in Berlin /
Guardado en:
| Otros Autores: | , , |
|---|---|
| Formato: | Libro |
| Idioma: | English |
| Publicado: |
Providence, R.I. : [Somerville, Mass.] :
American Mathematical Society ; International Press,
c2011.
|
| Series: | AMS/IP studies in advanced mathematics ;
v. 49. |
| Materias: | |
| Etiquetas: |
Agregar Etiqueta
Sin Etiquetas, Sea el primero en etiquetar este registro!
|
| LEADER | 02371cam a22003014a 4500 | ||
|---|---|---|---|
| 001 | MAT.inmabb006770 | ||
| 008 | 110415s2011####riu######b####100#0#eng## | ||
| 005 | 20121226161104.0 | ||
| 245 | 0 | 0 | |a Advances in Lorentzian geometry : |b proceedings of the Lorentzian geometry conference in Berlin / |c Matthias Plaue, Alan Rendall, Mike Scherfner, editors. |
| 260 | |a Providence, R.I. : |b American Mathematical Society ; |a [Somerville, Mass.] : |b International Press, |c c2011. | ||
| 300 | |a viii, 143 p. ; |c 26 cm. | ||
| 490 | 1 | |a AMS/IP studies in advanced mathematics ; |v v. 49 | |
| 500 | |a Includes the proceedings of the Conference "New Developments in Lorentzian Geometry'' held in Berlin, November 18-21, 2009. | ||
| 504 | |a Incluye referencias bibliográficas. | ||
| 505 | 0 | |a Rossella Bartolo, Anna Maria Candela and Erasmo Caponio, An Avez-Seifert type theorem for orthogonal geodesics on a stationary spacetime -- Magdalena Caballero and Rafael M. Rubio [Rafael María Rubio Ruiz], Calabi-Bernstein problems for spacelike slices in certain generalized Robertson-Walker spacetimes -- Yvonne Choquet-Bruhat and José M. Martín-García, A geometric energy estimate for data on a characteristic cone -- Ryszard Deszcz, Malgorzata Glgowska, Marian Hotlos and Katarzyna Sawicz, A survey on generalized Einstein metric conditions -- Fernando Dobarro [Fernando R. Dobarro] and Bülent Ünal, Non-rotating Killing vector fields on standard static space-times -- Robert Geroch, Faster than light? -- Graham Hall, Projective structure in space-times -- Philippe G. LeFloch, Einstein spacetimes with weak regularity -- Ettore Minguzzi, Time functions as utility functions -- Miguel Sánchez, Recent progress on the notion of global hyperbolicity -- Stefan Suhr, Homologically maximizing geodesics in conformally flat tori. | |
| 510 | 4 | |a MR, |c 2012h:53002 | |
| 020 | |a 9780821853528 (alk. paper) | ||
| 020 | |a 082185352X (alk. paper) | ||
| 700 | 1 | |a Plaue, Matthias, |d 1976- |4 edt | |
| 700 | 1 | |a Rendall, Alan D. |4 edt | |
| 700 | 1 | |a Scherfner, M. |q (Mike) |4 edt | |
| 830 | 0 | |a AMS/IP studies in advanced mathematics ; |v v. 49. | |
| 650 | 0 | |a Geometry, Differential |v Congresses. | |
| 650 | 0 | |a General relativity (Physics) |v Congresses. | |
| 084 | |a 53-06 (53B30 83C05) |2 msc2000 | ||
| 010 | |a 2011010875 | ||
| 040 | |a DLC |c DLC |d YDX |d YDXCP |d IXA |d BWX |d DLC | ||
| 859 | |h 53 |i Ad244 |p A-8799 |b BIB. MATEMATICA | ||
